Assessment of the Charging Policy in Energy Efficiency of the Enterprise; IOP Conference Series: Materials Science and Engineering; Vol. 189 : Modern Technologies for Non-Destructive Testing

Bibliografiska uppgifter
Parent link:IOP Conference Series: Materials Science and Engineering
Vol. 189 : Modern Technologies for Non-Destructive Testing.— 2017.— [012026, 6 p.]
Huvudupphovsman: Shutov E. A. Eugene Alekseevich
Institutionell upphovsman: Национальный исследовательский Томский политехнический университет (ТПУ) Энергетический институт (ЭНИН) Кафедра электроснабжения промышленных предприятий (ЭПП)
Övriga upphovsmän: Turukina T. E., Anisimov T. S.
Sammanfattning:Title screen
The forecasting problem for energy facilities with a power exceeding 670 kW is currently one of the main. In connection with rules of the retail electricity market such customers also pay for actual energy consumption deviations from plan value. In compliance with the hierarchical stages of the electricity market a guaranteeing supplier is to respect the interests of distribution and generation companies that require load leveling. The answer to this question for industrial enterprise is possible only within technological process through implementation of energy-efficient processing chains with the adaptive function and forecasting tool. In such a circumstance the primary objective of a forecasting is reduce the energy consumption costs by taking account of the energy cost correlation for 24 hours for forming of pumping unit work schedule. The pumping unit virtual model with the variable frequency drive is considered. The forecasting tool and the optimizer are integrated into typical control circuit. Economic assessment of the optimization method was estimated.
Språk:engelska
Publicerad: 2017
Ämnen:
Länkar:http://dx.doi.org/10.1088/1757-899X/189/1/012026
http://earchive.tpu.ru/handle/11683/38499
Materialtyp: Elektronisk Bokavsnitt
KOHA link:https://koha.lib.tpu.ru/cgi-bin/koha/opac-detail.pl?biblionumber=654820

MARC

LEADER 00000nla2a2200000 4500
001 654820
005 20240122160138.0
035 |a (RuTPU)RU\TPU\network\20507 
035 |a RU\TPU\network\20505 
090 |a 654820 
100 |a 20170523a2017 k y0engy50 ba 
101 0 |a eng 
105 |a y z 100zy 
135 |a drcn ---uucaa 
181 0 |a i  
182 0 |a b 
200 1 |a Assessment of the Charging Policy in Energy Efficiency of the Enterprise  |f E. A. Shutov, T. E. Turukina, T. S. Anisimov 
203 |a Text  |c electronic 
300 |a Title screen 
320 |a [References: 11 tit.] 
330 |a The forecasting problem for energy facilities with a power exceeding 670 kW is currently one of the main. In connection with rules of the retail electricity market such customers also pay for actual energy consumption deviations from plan value. In compliance with the hierarchical stages of the electricity market a guaranteeing supplier is to respect the interests of distribution and generation companies that require load leveling. The answer to this question for industrial enterprise is possible only within technological process through implementation of energy-efficient processing chains with the adaptive function and forecasting tool. In such a circumstance the primary objective of a forecasting is reduce the energy consumption costs by taking account of the energy cost correlation for 24 hours for forming of pumping unit work schedule. The pumping unit virtual model with the variable frequency drive is considered. The forecasting tool and the optimizer are integrated into typical control circuit. Economic assessment of the optimization method was estimated. 
461 0 |0 (RuTPU)RU\TPU\network\2008  |t IOP Conference Series: Materials Science and Engineering 
463 0 |0 (RuTPU)RU\TPU\network\20484  |t Vol. 189 : Modern Technologies for Non-Destructive Testing  |o 5th International Conference, 3–8 October 2016, Tomsk, Russian Federation  |o [proceedings]  |v [012026, 6 p.]  |d 2017 
610 1 |a электронный ресурс 
610 1 |a труды учёных ТПУ 
610 1 |a плата 
610 1 |a энергоэффективность 
610 1 |a предприятия 
610 1 |a энергетические установки 
610 1 |a электроэнергия 
610 1 |a энергопотребление 
610 1 |a энергосберегающие технологии 
610 1 |a насосные агрегаты 
700 1 |a Shutov  |b E. A.  |c specialist in the field of electricity  |c associate Professor of Tomsk Polytechnic University, candidate of technical Sciences  |f 1963-  |g Eugene Alekseevich  |3 (RuTPU)RU\TPU\pers\35876  |9 19019 
701 1 |a Turukina  |b T. E. 
701 1 |a Anisimov  |b T. S. 
712 0 2 |a Национальный исследовательский Томский политехнический университет (ТПУ)  |b Энергетический институт (ЭНИН)  |b Кафедра электроснабжения промышленных предприятий (ЭПП)  |3 (RuTPU)RU\TPU\col\18676 
801 2 |a RU  |b 63413507  |c 20170525  |g RCR 
856 4 |u http://dx.doi.org/10.1088/1757-899X/189/1/012026 
856 4 |u http://earchive.tpu.ru/handle/11683/38499 
942 |c CF